LEADER 02028nam0 2200433 i 450 001 VAN0124890 005 20231121041155.874 017 70$2N$a9789811062933 100 $a20191028d2018 |0itac50 ba 101 $aeng 102 $aSG 105 $a|||| ||||| 200 1 $aAdvances in Dye Removal Technologies$fSourav Mondal, Mihir Kumar Purkait, Sirshendu De 210 $aSingapore$cSpringer$d2018 215 $aXXXIV, 323 p.$cill.$d24 cm 410 1$1001VAN0123239$12001 $aGreen Chemistry and Sustainable Technology$1210 $aBerlin$cSpringer$d2014- 620 $aSG$dSingapore$3VANL000061 676 $a660$cIngegneria chimica e tecnologie connesse$v22 676 $a540$cChimica generale$v22 676 $a577.14$cChimica ambientale$v22 676 $a628.161$cAnalisi dell'acqua$v22 676 $a553.7$cAcqua$v22 676 $a628.1$cIngegneria sanitaria. Inquinamento dell'acqua$v22 700 1$aMondal$bSourav$3VANV096312$0767855 701 1$aDe$bSirshendu$3VANV096315$0767857 701 1$aPurkait$bMihir K.$3VANV096314$0782734 712 $aSpringer $3VANV108073$4650 790 1$aPurkait, Mihir Kumar$zPurkait, Mihir K.$3VANV100435 790 1$aPurkait, M. K.$zPurkait, Mihir K.$3VANV103658 790 1$aPurkait, M.K.$zPurkait, Mihir K.$3VANV213405 801 $aIT$bSOL$c20240614$gRICA 856 4 $u/sebina/repository/catalogazione/documenti/116n.pdf$z116n.pdf 856 4 $uhttps://link.springer.com/book/10.1007/978-981-10-6293-3$zE-book - Accesso al full-text attraverso riconoscimento IP di Ateneo, proxy e/o Shibboleth 899 $aBIBLIOTECA DEL DIPARTIMENTO DI SCIENZE E TECNOLOGIE AMBIENTALI BIOLOGICHE E FARMACEUTICHE$1IT-CE0101$2VAN17 912 $fN 912 $aVAN0124890 950 $aBIBLIOTECA DEL DIPARTIMENTO DI SCIENZE E TECNOLOGIE AMBIENTALI BIOLOGICHE E FARMACEUTICHE$d17CONS e-book 2112 $e17BIB2112/55 55 20191028 996 $aAdvances in Dye Removal Technologies$91738033 997 $aUNICAMPANIA LEADER 01703nam0 22003853i 450 001 VAN00264267 005 20240806101514.770 017 70$2N$a9783642009310 100 $a20231003d1987 |0itac50 ba 101 $aeng 102 $aNL 105 $a|||| ||||| 200 1 $aNonlinear Analysis and Optimization$fedited by B. Cornet, V. H. Nguyen and J. P. Vial 210 $aAmsterdam$cNorth-Holland$d1987 215 $a182 p.$d24 cm 410 1$1001VAN00256149$12001 $aMathematical Programming Studies$1210 $aAmsterdam$cNorth Holland$v30 606 $a62-XX$xStatistics [MSC 2020]$3VANC022998$2MF 606 $a62D05$xSampling theory, sample surveys [MSC 2020]$3VANC037080$2MF 606 $a62G30$xOrder statistics; empirical distribution functions [MSC 2020]$3VANC033555$2MF 606 $a62K20$xResponse surface designs [MSC 2020]$3VANC035615$2MF 610 $aCalculus$9KW:K 610 $aOptimization$9KW:K 620 $dAmsterdam$3VANL001716 702 1$aCornet$bBernard$3VANV218149 702 1$aNguyen$bV. H.$3VANV218150 702 1$aVial$bJean-Philippe$3VANV218151 712 $aNorth-Holland $3VANV107935$4650 801 $aIT$bSOL$c20260130$gRICA 856 4 $uhttps://doi.org/10.1007/BFb0121150$zE-book ? Accesso al full-text attraverso riconoscimento IP di Ateneo, proxy e/o Shibboleth 899 $aBIBLIOTECA DEL DIPARTIMENTO DI MATEMATICA E FISICA$1IT-CE0120$2VAN08 912 $fN 912 $aVAN00264267 950 $aBIBLIOTECA DEL DIPARTIMENTO DI MATEMATICA E FISICA$d08DLOAD e-book 6895 $e08eMF6895 20231019 996 $aNonlinear analysis and optimization$979805 997 $aUNICAMPANIA